Japan... or New Zealand? - Statistics

General Stats
  • This quiz has been taken 113 times
  • The average score is 9 of 15
Answer Stats
Question Answer % Correct
Is in the Pacific Ocean Both
95%
Has the higher life expectancy Japan
89%
Has only one official language Japan
79%
Its capital is not its largest city New Zealand
79%
Has the lower average annual temperature New Zealand
79%
Has the larger surface area Japan
63%
Is located on the Ring of Fire Both
58%
Is a major non-NATO U.S. ally Both
53%
Has the higher percentage of Chinese citizens New Zealand
53%
Has a male as head of state Both
47%
Has the greater number of snake species Japan
47%
Has the largest island Japan
37%
Has the higher maximum elevation Japan
37%
Has the higher HDI (Human Development Index) New Zealand
32%
Fought with the allies (Entente Powers) in WWI Both
26%
No matching quizzes found
Score Distribution
Percent of People with Each Score
Percentile by Number Answered
Your Score History
You have not taken this quiz